Cadencia y juventud en maquilas y pasarelas /
Na minha lista:
| Autor principal: | |
|---|---|
| Formato: | Texto |
| Assuntos: | |
| Tags: |
Adicionar Tag
Sem tags, seja o primeiro a adicionar uma tag!
|
MARC
| LEADER | 00000 a a2200000 04500 | ||
|---|---|---|---|
| 001 | 17830 | ||
| 003 | |||
| 040 | |||
| 100 | |a León, Irene | ||
| 245 | |a Cadencia y juventud en maquilas y pasarelas / |c Irene León | ||
| 650 | |a UTILIZACION DE LA MANO DE OBRA | ||
| 650 | |a EMPLEO | ||
| 650 | |a JUVENTUD | ||
| 650 | |a PUERTOS LIBRES | ||
| 650 | |a DERECHOS HUMANOS | ||
| 773 | |g volumen 22, número 280; páginas 16-17 | ||
| 999 | |c 29679 |d 29679 | ||
| 773 | 0 | |0 42391 |9 8497 |a Agencia Latinoamericana de Información, ALAI |d Quito, Ecuador: ALAI |o 08368 |t ALAI: |x 08275564 (Servicio mensual de información y documentación) | |
